000 00413pam a2200157a 44500
008 230515b1982 xxu||||| |||| 00| 0 eng d
020 _aNULL
041 _aENGLISH
082 _a630
100 _a4848-1981
245 _aMETHODS FOR DETERMINATION OF APPARENT DENSITY OF FREE FLOWING POWDERS FOR POWDERS METALLURGICAL PURPOSES
250 _a0
260 _aDELHI
_bISI
_c1982
300 _a12
650 _aNULL
999 _c652127
_d652127